[Event "Hamburg HSK DWZ op 1st"]
[Site "Hamburg"]
[Date "2002.09.29"]
[Round "4"]
[White "Akil, Youssef"]
[Black "Zoeller, Henning"]
[Result "0-1"]
[WhiteElo "1203"]
[BlackElo "1458"]
[PlyCount "48"]
[EventDate "2002.09.??"]
[EventType "swiss"]
[EventRounds "5"]
[EventCountry "GER"]
[SourceTitle "EXT 2006"]
[Source "ChessBase"]
[SourceDate "2005.11.24"]
[SourceVersion "1"]
[SourceVersionDate "2005.11.24"]
[SourceQuality "1"]

1. c4 Nf6 2. d4 d6 3. Nc3 g6 4. Nf3 Bg7 5. e3 0-0 6. Bd3 Nbd7 7. 0-0 Qe8 8. b3 e5 9. dxe5 dxe5 10. Ne4 Nxe4 11. Bxe4 f5 12. Bc2 e4 13. Nd4 c5 14. Bb2 cxd4 15. Bxd4 Bxd4 16. Qxd4 Ne5 17. b4 Nc6 18. Qb2 Qe7 19. c5 f4 20. Rad1 h6 21. exf4 Rxf4 22. Rd2 e3 23. fxe3 Qxe3+ 24. Rff2 Qe1+ 0-1